000 03037nam a22003377a 4500
001 TIC 0007
003 gtcocun
005 20250924173624.0
006 a||||gr|||| 00| 0
007 ta
008 250924b2020 gt ||||| m||| 00| 0 eng d
040 _agtcocun
_bSPA
_cgtcocun
_eRDA
041 _aSPA TIC 0007
084 _0TIC 0007
100 _aLópez Winter, Jorge Mario
_eAutor
245 _aDISEÑO Y PLANIFICACIÓN DE SALÓN COMUNAL DE DOS NIVELES PARA SAN JOSÉ LA COLONIA Y CARRETERA DE LA LAGUNA CHIQUITA A PANTUYATE 1./
_cJorge Mario López Winter.
_hImpreso
264 _aCobán, Alta Verapaz:
_bUniversidad de San Carlos de Guatemala, Centro Universitario del Norte, Ingeniería Civil
_c2020
300 _a209 p.:
_bIlustraciones, gráficas.
_c28 cm;
300 _cPDF
336 _2rdacontenido
_aTexto
_btxt
337 _2rdamedio
_aComputadora
_bn
338 _2rdasoporte
_aCódigo en línea
_bcr
502 _eTIC 0007
502 _aTesis de grado
_bIngeniería Civil,
_cUniversidad de San Carlos de Guatemala, Centro Universitario del Norte, Ingeniería Civil
_d2020
_oTIC 0007
520 1 4 _aDurante la realización del Ejercicio Profesional Supervisado en la Municipalidad de Cobán durante la fase de diagnóstico se determinaron los proyectos de acuerdo a la priorización y necesidades demandadas por la población ante las autoridades municipales, esto permitió tener una perspectiva del aporte que se puede realizar mediante el diseño de obras civiles que contribuyan al desarrollo del municipio. En el plan de trabajo se definió el diseño de un edificio destinado para funcionar como salón comunal en la comunidad de San José La Colonia, el cual fue diseñado con marcos dúctiles de concreto armado resistentes a momentos, con paredes de mampostería y pisos de concreto, así mismo se contempló el diseño de una carretera de terracería de dos carriles para comunicar las comunidades de Pantuyate 1 y Laguna Chiquita. En la fase de ejecución se realizó el diseño del salón comunal de acuerdo con las normas de diseño de AGIES NSE 2018, ACI 318 -14 y NRD2, mientras que para el diseño de la carretera se consideraron las Especificaciones Generales para Construcción de Carreteras y Puentes de la Dirección General de Caminos y la norma AASHTO sobre diseño de carreteras. Toda la información necesaria para la ejecución de cada una de las obras diseñadas: estudios de suelos, memoria de cálculo, planos, presupuesto, cronogramas físico y financiero, evaluación ambiental inicial y especificaciones técnicas se presentó en un informe final a las autoridades municipales y universitarias.
650 1 4 _2LEMB
_aCobán, Alta Verapaz.
_xIngeniería
_xEdificio
_xCarretera
_xDiseño
_xNormas
_xTerraceria
700 _aIng. Civil Marlon Alexander Morán Castro
_eAsesor
856 _uhttps://drive.google.com/file/d/1TqQ_OODYUOB7jpTltafwBlXEgOoTjR4S/view
_yPDF
_zUn ejemplar en línea.
942 _2ddc
_cTES
_iTIC 0007
_kClasificación
_n0
_6TIC_0007_000000000000000
999 _c2122
_d2122